Responses for Show #9208 - Wednesday, November 20, 2024

Contestants

[<< previous game]

Mehal Shah, a software engineer from Seattle, Washington

Elizabeth Little, a writer from Los Angeles, California

Mikey McCullough, a librarian from Baltimore, Maryland (whose 1-day cash winnings total $18,200)

[next game >>]

Jeopardy! Round responses

21st CENTURY MOVIE MOMENTS
ROAD TRIP
IN THE ZEITGEIST
(Ken: These are responses made up of letters in the word "zeitgeist".)
TAROT-A-GO-GO
STOCK SYMBOLS
GLADIATORS
(Connie: I'm Connie Nielsen, and I return as Lucilla in Gladiator II; I hope you give thumbs up--or is it thumbs down?--to the clues I present about famous gladiators in history.)
    $200 10
Anchorman

Mehal!
    $200 27
the Autobahn

Mehal!
    $200 20
a tee

Mehal!
    $200 15
Pope

Mikey
    $200 30
Domino's Pizza

Triple Stumper
    $200 28
(Ken: Our thanks to Connie for helping us out with those clues; you can see her in Gladiator II this Friday.)

Spartacus

Mehal!
    $400 11
No Country for Old Men

Elizabeth
    $400 26
Glacier

Mehal!
    $400 19
ziti

Mehal!
    $400 1
clubs

Mehal!
    $400 29
Dropbox

Elizabeth
    $400 6
a podium

Mikey
    $600 12
Bridesmaids

Mehal!
    $600 25
the Champs-Élysées

Elizabeth
    $600 16
Zest

Elizabeth
    $600 7
Death

Elizabeth
    $600 23
Anheuser-Busch

Mehal!
    $600 5
Julius Caesar

Mehal!
    $800 13
La La Land

Mehal!
    $1,000 2
Key West & Key Largo

Mehal!
    $800 17
gist

Mikey
    $800 8
the Hanged Man

Mikey
    $800 22
(Mehal!: What is Convex?)

Chevron

Mehal!
Triple Stumper
    $800 4
(Mikey: Who is Marcus Aurelius?)

Claudius

MikeyMehal!
    $1000 14
There Will Be Blood

Elizabeth
    $1000 24
Canterbury

Mikey
    $1000 18
(Ken: Yes, as a writer you would know that.)

stet

Mehal!
    $1000 9
Arcana

Elizabeth
    $1000 21
(Ken: You might remember if you were flying that weekend--what is [*]?)

CrowdStrike

Triple Stumper
    $1000 3
Charon

Mehal!

Scores at the first commercial break (after clue 15):

Mikey Elizabeth Mehal!
$600 $3,000 $5,400

Scores at the end of the Jeopardy! Round:

Mikey Elizabeth Mehal!
$2,400 $4,600 $7,600

Double Jeopardy! Round responses

ANIMAL PLANET
A LITTLE NIGHT MUSIC
MMM, LEFTOVERS
3 OF THE SAME LETTER
AUTHORS' EPITAPHS
A CAPITAL HAPPENING
    $400 28
[The end-of-round signal sounds.]

a hornet

Mehal!
    $400 27
(Mehal!: What is... "Shook Me All Night Long"?)
(Elizabeth: What is "They Shook Me All Night Long"?)

"You Shook Me All Night Long"

ElizabethMehal!
Triple Stumper
    $400 24
Wisconsin

Elizabeth
    $400 22
Amsterdam

Mikey
    $800 1
a yak

Elizabeth
    $800 19
Richie

Mehal!
    $800 23
(Julia) Child

Mikey
    $800 26
a statute

Triple Stumper
    $800 8
(Elizabeth: My goodness, AUTHORS' EPITAPHS for $1200.)

H.P. Lovecraft

Triple Stumper
    $800 21
Chopin

Mehal!
    $1200 11
the pronghorn

Triple Stumper
    $1200 2
"Fortnight"

Elizabeth
    $1200 13
Parliament

Elizabeth
    $1200 5
(Mikey: Uh, what are Beatitudes?)

researchers

Mikey
Triple Stumper
    $1200 9
Brown

Mehal!
    $1200 16
Ankara

Mehal!
    $1600 10
a dugong

Mehal!
    $1600 3
A$AP Rocky

Triple Stumper
    $1600 14
a hermit

Mikey
    $4,000 6
(Elizabeth: What is [Whispers] crap...)
(Ken: Sorry, too much time--what is to [*] or an [*].)
(Elizabeth: Gosh darn it.)

overlook

Elizabeth
    $800 20
(Mehal!: Who is Dickinson?)

Virginia Woolf

Mehal!
    $1600 17
(Mehal!: Who is Nasser?)

Mubarak

MikeyMehal!
    $2000 12
(Mikey: Uh, what is a man o' war?)
(Ken: Can you be more specific?)

a Portuguese man o' war

Mikey
    $2000 4
Migos

Triple Stumper
    $2000 15
Karl Benz

Triple Stumper
    $2000 7
(Ken: I think Mehal got it a little too late.)

cellular

Triple Stumper
    $2000 25
(Ken: Elizabeth, less than a minute.)

Norman Mailer

Triple Stumper
    $2000 18
Bangkok

Mehal!

Scores at the end of the Double Jeopardy! Round:

Mikey Elizabeth Mehal!
$7,600 $3,800 $12,800

[wagering suggestions for these scores]

Final Jeopardy! Round responses

FIGURES OF MYTH
(Ken: Who would be shrieking in mid-air?)
...
(Ken: This is [*], flying too close to the Sun; his dad couldn't help him.)
ElizabethWho is Polyphemus?
$0
MikeyWho is Prometheus?
$5,000
Mehal!Who is Aeneas?
$3,001
Icarus

Final scores:

Mikey Elizabeth Mehal!
$2,600 $3,800 $9,799
3rd place: $2,000 2nd place: $3,000 New champion: $9,799

Game dynamics:

Coryat scores:

Mikey Elizabeth Mehal!
$7,600 $7,800 $13,400
10 R,
2 W
11 R,
2 W
(including 1 DD)
22 R
(including 1 DD),
4 W
(including 1 DD)

Combined Coryat: $28,800

[game clues] [game scores] [suggest correction]

Game tape date: 2024-09-30
The J! Archive is created by fans, for fans. Scraping, republication, monetization, and malicious use prohibited; this site may use cookies and collect identifying information. See terms. The Jeopardy! game show and all elements thereof, including but not limited to copyright and trademark thereto, are the property of Jeopardy Productions, Inc. and are protected under law. This website is not affiliated with, sponsored by, or operated by Jeopardy Productions, Inc. Join the discussion at JBoard.tv.